Chinese Porcelain Motifs Matching - Statistics

General Stats
  • This quiz has been taken 5 times
  • The average score is 3 of 16
Answer Stats
Hint Explanation Answer % Correct

This Yuan Dynasty blue-and-white plate centers on a fish-and-waterweed motif in its circular reserve.

The fish-and-waterweed pattern constitutes one of Chinese ceramics' most enduring decorative themes, traceable to Neolithic pottery. By the Song Dynasty, it evolved into painterly aquatic tableaux that reached peak popularity during the Yuan era.

Yuan renditions showcase remarkable ichthyological diversity – mandarin fish, carp, catfish, perch and other species swim through ceramic surfaces. These piscine subjects appear singly in leisurely motion, as coupled companions, or in dynamic groups of three to five, creating vivid aquatic tableaux.

The present design features a mandarin fish as protagonist. Within a rhomboid framework created by symmetrically arranged waterweed, the robustly finned fish is captured mid-action: snapping at waterweed with jaws agape to reveal sharp teeth. Its distinctive underbite and variegated patterning – from mottled scales to tonal gradations – are rendered with precise naturalism. The composition exemplifies Yuan ceramists' mastery in balancing decorative formalism with zoological accuracy.

Fish-and-Waterweed Motif (鱼藻纹)
75%

The "Endless Gourds" motif (瓜瓞绵绵纹) constitutes one of China’s classic auspicious patterns.

As recorded in *The Book of Songs · Daya · Mian*: "Like tender gourds linked on the vine, our people first sprang from this land between the Ju and Qi rivers." This metaphor compares human lineage to gourds – though beginning small, sustained nourishment through interconnected vines ensures growth and proliferation. Ancient scholars thus adopted "continuous gourds on endless vines" as poetic symbolism for thriving, multigenerational kinship. This evolved into an enduring decorative theme celebrating familial continuity.

Particularly prevalent during the Qing Dynasty, the motif manifests in two primary variants: the first features intertwined vines bearing gourds of varying sizes interspersed with blossoms; the second incorporates butterflies, enhancing both symbolic resonance (butterflies representing marital harmony) and visual complexity.

This particular rendition decorates a Qing polychrome porcelain vessel. Sinuous vines cascade in ceaseless rhythm, framing vibrantly colored gourds, peony-like blooms, and stylized butterflies. The dense yet orderly composition radiates exuberant vitality through its chromatic intensity and intricate interplay of organic forms, embodying Qing decorative arts’ mastery in balancing symbolic depth with aesthetic opulence.

Endless Gourds Motif (瓜瓞绵绵纹)
25%

This "adding flowers to brocade" motif appears on a Qing Dynasty polychrome porcelain vase.

The "jin-shang-tian-hua" (锦上添花) design framework layers prominent floral motifs over intricate brocade-like grounds. Typically, the base layer features dense geometric patterns, floral scrolls, water ripples, or ice-crack textures, while the upper layer displays larger medallion blooms or interlocking floral scrolls. This decorative approach became ubiquitous in Ming-Qing textiles and porcelain.

In Qing polychrome porcelains, the brocade ground was often created through the "yadao" (轧道) technique: after initial firing, craftsmen applied colored glaze onto the white ceramic body, then meticulously engraved patterns like phoenix-tail scrolls or vine motifs using sharp tools to reveal the white underglaze. Subsequent firing fixed this white-ground lattice.

This porcelain exemplifies the aesthetic principles of "jin-shang-tian-hua": delicate white vines form an unbroken textural ground; vibrant passionflower scrolls twist through space with botanical variety; the clear hierarchy between primary motifs and background patterns achieves complex visual richness without confusion, embodying Qing decorative sophistication.

Floral-on-Brocade Motif (锦上添花纹)
25%

This Qing Dynasty polychrome porcelain vase showcases a "hundred flowers" motif characterized by its dense, free-flowing composition and spontaneous execution, evoking the aesthetic sensibility of Islamic miniature painting.

The Ming and Qing dynasties witnessed frequent economic and cultural exchanges with foreign nations. Against this backdrop, Chinese decorative arts evolved into an inclusive, cosmopolitan tradition that absorbed diverse influences.

Among foreign artistic traditions, Islamic art shares particularly close historical connections with Chinese decorative arts. Following the opening of the Silk Road, Chinese ornamental designs began interacting with those from West Asia and Central Asia. Persian carpets incorporated Chinese motifs like dragons and scrolling vines, while Persian beaded roundels and winged animal motifs entered China's artistic vocabulary. This cross-pollination enriched both Islamic and Chinese decorative traditions.

Islamic decorative arts are distinguished by their intricacy, emphasis on sinuous curves, complex yet orderly compositions, and opulent yet harmonious color schemes. This floral design manifests similar characteristics: an "all-over" composition with evenly distributed blooms, undulating stems rendered in freehand curves, and a harmonious polychrome palette that achieves decorative splendor through meticulous detail.

Hundred Flowers Motif (百花纹)
25%

This Qing Dynasty polychrome porcelain vase features a layered design of interlocking lotus scrolls, cloud motifs, and peony patterns symbolizing auspicious blessings, longevity, and prosperity. Both the lotus scrolls and cloud designs exhibit distinctive stylistic characteristics.

The interlocking lotus scroll forms the design's principal element. Its frontal floral bosses combine swirling petals with a central longevity character (寿), reflecting a characteristic Qing innovation where auspicious symbols and characters were integrated into floral centers.

Ming-Qing cloud patterns encompass diverse forms including horizontal bar clouds (一字云), mountain-character clouds (山字云), king-character clouds (王字云), lingzhi-shaped clouds (灵芝云, or ruyi clouds), four-direction clouds (四合云), and six-harmony clouds (六合云). This design primarily employs horizontal bar clouds and lingzhi clouds, which combine into triangular and trapezoidal modular units. These units are alternately arranged to uniformly fill the elongated band space, demonstrating systematic patterning within apparent decorative freedom.

Interlocking Lotus-Auspicious Cloud-Peony (缠枝莲祥云牡丹纹)
25%

The Eight Treasures motif, also known as the "Eight Auspicious Emblems," combines eight Buddhist sacred objects: the Dharma Wheel, Conch Shell, Victory Banner, Treasure Canopy, Lotus, Sacred Vase, Golden Fish, and Endless Knot.

Already prominent in Yuan Dynasty ceramic decoration, this motif gained further popularity during the Ming and Qing dynasties.

In Ming and Qing designs, the Eight Treasures sometimes appear independently, while other times integrate with interlocking floral scrolls or seasonal flower patterns. This Qing Dynasty polychrome porcelain vase exemplifies a masterful fusion: upper-row emblems occupy open spaces, while lower-row treasures overlay lotus stems within an interlocking floral scroll. The two patterns harmoniously intertwine, creating a cohesive composition that balances symbolic density with decorative grace.

Interlocking Passionflower & Eight Treasures (缠枝番莲八宝纹)
25%

This Qing Dynasty polychrome porcelain plate features a lotus motif of remarkable elegance through its seemingly simple composition.

The artisans painted a realistic round lotus at the plate’s center, while stylized flat-petaled lotus blooms adorn the rim. Behind these flat petals lies an additional layer of three-dimensional floral forms that echo the central lotus. This ingenious fusion of two distinct lotus treatments creates unique aesthetic harmony. The interplay of the central lotus’s delicate veining, the dense whorl patterns on the rim petals, and the overall decorative scheme achieves exquisite refinement.

Mirroring the design’s unity-in-contrast principle, the color scheme balances naturalistic and decorative beauty. Vivid, lifelike hues interlace with pure, restrained tones in a layered composition where each chromatic stratum responds to its counterpart, resulting in mutually enhancing visual splendor.

Lotus Motif- Qing Dynasty (莲花纹)
25%

The Four Seasons floral motif traces its origins to the Northern Song Dynasty textile pattern known as "Year’s Scenery" (一年景).

The original "Year’s Scenery" composition harmonized seasonal blossoms – peach, apricot, peony, crabapple, rose, chrysanthemum, and plum – typically arranged in undulating band repeat patterns.

Ming Dynasty artisans reimagined this concept, intensifying the floral abundance by combining dozens of bloom varieties into lavish "Four Seasons" designs. This exuberant style transcended textiles to become a hallmark decoration across various crafts.

This Qing Dynasty polychrome vase exemplifies the mature Four Seasons motif. Peonies, passionflowers, and lotuses bloom whimsically on shared stems, creating dynamic botanical fantasy. The borders frame this vitality with structured symmetry: upper and lower bands feature meander patterns, ruyi cloud motifs, and stylized lotus petal borders that both counterbalance the central movement and amplify symbolic meaning. Executed in vibrant hues with a "light ground/dark flora" tonal scheme, the design achieves fresh elegance through its chromatic clarity and compositional equilibrium.

Twin Lotus of Shared Heart & Auspicious Celebration (并蒂同心福庆纹)
25%

This cloud-collar motif decorates a Qing Dynasty blue-and-white porcelain jar.

Known alternatively as "hanging cloud pattern" (垂云纹), the cloud-collar design emerged as popular ceramic decoration during the Yuan Dynasty. Typically adorning shoulder areas of plum vases (梅瓶) and large jars, or central reserves of broad dishes, its name derives from resemblance to traditional garment cloud-shaped collars (云肩).

The motif manifests as inverted triangles with downward-pointing apexes, usually arranged in sets of four or six encircling the vessel. These compartments often contain secondary motifs like phoenixes, seahorses, qilin, peonies, chrysanthemums, or composite floral designs (宝相花).

Though monochromatic, this particular rendition achieves exceptional elegance. Against a deep cobalt ground, lustrous white interlocking peony and lotus scrolls fill the decorative field with fluid expansiveness. The dense yet harmonious composition balances decorative abundance with clarity. Broadened contour lines emphasize the cloud-collar’s silhouette, while crisp white outlines separating the border from interior motifs both define the scrolling patterns’ contours and enhance overall refinement. Through masterful manipulation of negative space and tonal contrast, the design exemplifies Qing ceramists’ ability to create sumptuous effects within blue-and-white’s restrained palette.

Cloud-collar Motif (云肩纹)
0%

This cloud-collar peony motif appears on the circular lid of a Qing Dynasty polychrome porcelain jar.

The design adopts an eight-directional framework, with both the cloud-collar elements and peony blooms—large and small—arranged symmetrically along the radiating lines, creating a balanced composition. Unlike most radial patterns, this motif intentionally breaks full symmetry: a ring of swirling scroll patterns at the lid’s center and the twisting stems of the peonies introduce a dynamic rotational effect to the design.

The motif employs bold color contrasts for striking visual impact. Against a backdrop of flowing green foliage, the crimson cloud-collar and peony blooms appear vibrantly luxurious yet dignified. Strategic use of black and white accents not only harmonizes the red-green contrast but also elevates the decorative sophistication of the pattern.

Cloud-collar Peony Motif (云肩牡丹纹)
0%

四季花纹源自北宋的织物纹样“一年景”。

“一年景”由桃花、杏花、牡丹、海棠、月季、菊花、梅花等四时花卉组成,常以波浪式二方连续的形式出现。

明代工匠在“一年景”的基础上翻新花样,将几种甚至十几种花卉荟聚在一起,设计出繁花似锦的“四季花纹”。这种“四季花纹”不仅出现在织物上,还被广泛应用于多类工艺品装饰。

这幅清代彩绘瓷瓶纹样即以四季花为题材。纹样中的牡丹、番莲、莲花在同一条茎枝上自由绽放,画面轻松活泼。装饰于上下边饰带的回形纹、如意纹、变形莲瓣纹,既以规整的形式衬托着主纹的动感,又丰富了纹样的寓意。浅地深花的调式、亮丽的色彩,使纹样显得清朗雅致。

Four Seasons Blossoms (四季花纹)
0%

This interlocking lotus motif decorates a Qing Dynasty blue-and-white porcelain jar.

The design ingeniously combines two organizational systems: a nine-grid framework and scrolling vines. Floral bosses are first arranged according to the nine-square grid structure, then interconnected through S-shaped stems. These stems – varying in length, orientation (positive/negative), and curvature – establish rhythmic vitality. The stems' bifurcation into three at their terminals creates transitional zones between circular floral bosses and singular stems, enhancing both the blossoms' visual stability and the scrollwork's dynamic complexity.

The motif embodies intentional visual paradoxes in its botanical elements:
Floral perspective: Petals rendered in top-view projection contrast with profile-view pistils
Foliage dimension: Flat basal leaves juxtapose three-dimensional upper foliage
Such stylistic contradictions represent a Qing innovation. Previously uncommon in Chinese decorative arts, these hybrid visual conventions emerged during the Kangxi-Qianlong golden age (1662-1795) through intensified Sino-Western cultural exchange. Integrating European chiaroscuro techniques with Chinese symbolic vocabulary, this genre became emblematic of Qing imperial decorative sophistication, exemplifying the dynasty's unique position at the crossroads of global artistic traditions.

Interlocking Lotus Scroll (缠枝莲纹)
0%

This Qing Dynasty polychrome porcelain vase features a peony and passionflower motif structured with interlocking scrolls.

In traditional Chinese ornamental design, interlocking scroll patterns (缠枝纹) typically emphasize bold, dynamic stems to enhance visual movement. Here, however, the floral stems are rendered with deliberate subtlety – rather than serving as dominant structural elements, they function as understated background textures. This intentional contrast between emphatic floral bosses and restrained stems imbues the design with refined serenity.

The artisans synthesized Chinese decorative conventions with Western painting techniques in both form and color. While the peonies and passionflowers follow traditional idealized floral configurations, they break from conventional flat stylization through three-dimensional modeling. This innovative approach merges Chinese symbolic vocabulary with European chiaroscuro effects, creating a distinctive Sino-Western aesthetic hybrid.

Interlocking Peony-Passionflower Scroll (缠枝牡丹番莲纹)
0%

This Northern Song Dynasty white porcelain plate features a lotus motif.

The Chinese appreciation for lotus can be traced back to the Spring and Autumn and Warring States periods (770–221 BCE), with early lotus patterns emerging during this era. Following the introduction of Buddhism to China, lotus motifs became more prominently associated with Buddhist iconography, often rendered as symmetrical circular designs. By the Song Dynasty, influenced by the rise of naturalistic flower-and-bird painting and the development of realistic patterns, lotus motifs evolved toward greater anatomical accuracy and lifelike expression.

Song Dynasty lotus motifs typically depict the flower in profile, characterized by elongated petals and a shift from the earlier honeysuckle-leaf patterns popular during the Northern and Southern Dynasties and Sui-Tang periods to authentic lotus foliage. This particular design exemplifies these traits: the lateral perspective showcases slender, orchid-like petals, dynamically curling lotus leaves, and interspersed lotus seedpods and arrowhead plants, creating a composition of refined simplicity.

Technically, the ceramic artisans employed a combination of carving (刻花) and incising (划花) techniques. Carving defines the contours, while incising delineates interior textures, resulting in fluid, rhythmic lines that convey both precision and graceful movement. The white-glazed surface amplifies the motif’s delicate linearity, with subtle variations in incision depth producing soft tonal gradations that enhance the design’s three-dimensional vitality.

Lotus Motif- Song Dynasty(莲花纹)
0%

This Qing Dynasty blue-and-white plate features a passionflower motif.

The passionflower pattern flourished during the Ming and Qing dynasties, particularly reaching peak popularity under Qing rule. Qing-era passionflower designs manifested in two primary variants: abstract-stylized and botanical-realistic. Their key distinction lies in floral boss treatment – stylized versions hybridize passionflower and lotus characteristics with layered petals and symbolic centers (round, pomegranate-shaped, heart-shaped, or ruyi-shaped), while realistic renditions adhere to natural morphology featuring broad single-layer petals, intricate coronas (sometimes stylized as lotus petals), and prominent pistils.

The present design exemplifies stylized interpretation. A frontal passionflower dominates the center with ruyi-shaped core, encircled by profile passionflowers on scrolling vines – their stratified petals and sinuous stems rendered in exquisitely fluid brushwork. The ensemble achieves quiet magnificence through meticulous detailing and harmonious balance between structural precision and organic grace.

Passionflower Motif (番莲纹)
0%

This phoenix-and-peony motif decorates a Qing Dynasty polychrome porcelain vase.

The central peony blooms in full splendor with petals splayed bilaterally, exemplifying the "double-horn peony" style (双犄牡丹) characteristic of Kangxi-era designs. The phoenix displays typical Kangxi-period features: elongated almond-shaped eyes, a ruyi-shaped crest crowning its head, neck plumage cascades in silken filaments, slender legs, and three sweeping tail plumes that billow dynamically.

Rendered on a vibrant yellow ground, the color scheme achieves opulent brilliance through masterful chromatic layering. Despite the high saturation of both dominant and background hues, distinct visual planes emerge: 1. **Primary plane**: Crimson peonies dominate through intense hue contrast and value differentiation against the yellow ground. 2. **Secondary layer**: The phoenix recedes subtly through restrained coloration. 3. **Harmonizing elements**: Bluish-gray peony blooms, leaves, and vines form a gray-tone layer that simultaneously accentuates the main motifs and mediates color relationships, achieving sophisticated chromatic equilibrium.

Phoenix-and-Peony Motif (凤穿牡丹纹)
0%
No matching quizzes found
Score Distribution
Percent of People with Each Score
Percentile by Number Answered
Your Score History
You have not taken this quiz